00845nam a2200265Ia 4500008004100000020001500041040001800056041000800074100001400082245006200096260005100158300005200209504005300261600005000314650000900364650003600373650002000409700001700429700001500446700002400461700002100485700002300506700001500529765003500544130821s1982 enka gr deng  a050027696X aCo-BoUCMbspa00aeng1 aBool F.H.10aEscher the complete graphic workcF.H. Bool ... [et al.] aLondres (Inglaterra)bThames and Hudsoncc1982 a349 páginasbilustraciones (algunas en color) aIncluye referencias bibliográficas e índice.10aEscher, M. C.q(Maurits Cornelius)d1898-197204aArte04aArtistas alemanesvBiografías04aDibujo alemán1 aErnst, Bruno1 aKist, J.R.1 aLangham, Tonyetrad1 aLocher, J.L.eed1 aPlym, Petersetrad1 aWierda, F.0 tleven en werk von M.C. Escher.